SOLID STATE ELECTRONICS, OBJECTIVE TETS (Record no. 574383)

000 -LEADER
fixed length control field 00260nam a22001097a 4500
082 ## - DEWEY DECIMAL CLASSIFICATION NUMBER
Classification number 621.381 THE'S
100 ## - MAIN ENTRY--PERSONAL NAME
Personal name THERAJA, B. L
9 (RLIN) 7131
245 ## - TITLE STATEMENT
Title SOLID STATE ELECTRONICS, OBJECTIVE TETS
260 ## - PUBLICATION, DISTRIBUTION, ETC.
Place of publication, distribution, etc. NEWDELHI
Name of publisher, distributor, etc. S. CHAND
Date of publication, distribution, etc. 1986
300 ## - PHYSICAL DESCRIPTION
Extent 254P
942 ## - ADDED ENTRY ELEMENTS (KOHA)
Koha item type Book
Holdings
Withdrawn status Lost status Damaged status Not for loan Permanent Location Current Location Shelving location Date acquired Total Checkouts Full call number Barcode Date last seen Price effective from Koha item type
        College of Electrical & Mechanical Engineering (CEME) College of Electrical & Mechanical Engineering (CEME) General Stacks 07/31/2017   621.381 THE'S CEME-22685 06/28/2021 06/28/2021 Book
© 2023 Central Library, National University of Sciences and Technology. All Rights Reserved.